| 000 | 03509nam a2200373 i 4500 | ||
|---|---|---|---|
| 001 | 768714001 | ||
| 003 | CO-MdFUSB | ||
| 005 | 20211029171240.0 | ||
| 007 | ta | ||
| 008 | 210520t1981 -usabce| |||| 00| 0 eng d | ||
| 020 | _a0895770970 | ||
| 040 |
_aCO-MdFUSB _bspa _cCO-MdFUSB _dCO-MdFUSB _erda |
||
| 041 | _aeng | ||
| 082 |
_223 _a220.91 _bR286 |
||
| 084 | _qCO-MdFUSB | ||
| 245 | 1 |
_aReader's digest Atlas of the Bible : _ban illustrated guide to the Holy Land _c/ editado por Joseph Lawrence Gardner ; Harry Thomas Frank |
|
| 264 | 1 |
_aEstados Unidos : _bReader's Digest Association, _c[1981] |
|
| 264 | 4 | _c© 1981 | |
| 300 |
_a256 páginas _c; 29 cm _bmapas, ilustraciones a color |
||
| 336 |
_2rdacontent _atexto _btxt |
||
| 337 |
_2rdamedia _asin mediación _bn |
||
| 338 |
_2rdacarrier _avolumen _bnc |
||
| 500 | _aTítulo de la portada: Atlas de la Biblia. | ||
| 505 | _a"En el principio ..." - Gente de la Biblia - Animales de la Biblia - Plantas de la Biblia - Pesos y medidas, moneda - Historia de la Biblia: primeras Biblias - La Tierra Santa en mapas - - Desenterrando el pasado: Tell el-Hesi - Tierra de la Biblia: vistas de Tierra Santa - Mapas introductorios: sitios bíblicos en Tierra Santa. Atlas histórico de los tiempos bíblicos. Mundo de los patriarcas: Ebla, una civilización perdida descubierta - Abraham en la tierra de Canaán: ciudades de la llanura - Isaac, Jacob y José: Ramsés II,{ ¿Faraón del Éxodo? - El éxodo: la vida en el desierto - Las andanzas de los hebreos: la tierra prometida; descubriendo la antigua Jericó - Invasión y conquista de Canaán: Hazor, ciudad-fortaleza de los cananeos; Zonas tribales y ciudades levíticas - Luchas de los jueces: los filisteos. El arca capturada - Samuel - Saúl, el primer rey de Israel - Saúl y David: rivales por el poder - David el rey - La revuelta de Absalón - El imperio de Salomón: la Reina de Sabá - David y la Jerusalén de Salomón: la templo de Salomón - Monarquía dividida: los reyes de Judá e Israel - Egipto invade: los fenicios, marinos y artesanos - Guerras de Israel y Judá - El profeta Elías - Eliseo y la revuelta de Jehú - Bajo los asirios espada. Renacimiento de los dos reinos: los poderosos asirios - Atrapado en la vorágine: Casa israelita en Siquem - La caída de Israel - Senaquerib ataca a Judá -Fin de Judá - Exilio en Babilonia: breve gloria de Babilonia - El regreso - Reconstrucción y reforma - Alejandro Magno - - Ptolomeos contra seléucidas Macabeos: bandera de la revuelta - Macabeos: la independencia de nuevo -La dinastía asmonea: el surgimiento de Roma - La llegada de los romanos - Las luchas por Judea - Herodes el Grande: Masada, palacio-villa de Herodes. Nacimiento de Jesús: la natividad - Tierra Santa según Herodes - Jesús en Galilea: pescando en el Mar de Galilea - Los viajes de Jesús a Jerusalén: Jerusalén en el tiempo de Jesús - La muerte de Jesús - La propagación temprana del Evangelio -La conversión de Saulo - Los viajes misioneros de Pablo: el mundo de Pablo; Cesarea, puesto avanzado del imperio - Revueltas contra Roma - La propagación del cristianismo: sangre de mártires - Nomenclátor del mundo bíblico. | ||
| 563 | _aTapa dura | ||
| 650 | 0 |
_9360 _aBiblia _bEvidencias, autoridad, etc. |
|
| 650 | 0 |
_916 _aBiblia |
|
| 653 | _aMapas bíblicos. | ||
| 700 |
_95327 _aGardner, Joseph Lawrence, _eeditor |
||
| 700 |
_95328 _aFrank, Harry Thomas. _eeditor |
||
| 942 | _cREF | ||
| 945 | _aJTF-925 | ||
| 999 |
_c66749 _d66749 |
||